Historia de la restauración / (Registro nro. 14796)

Detalles MARC
000 -LIDER
fixed length control field 01026nam a2200289 a 4500
001 - NÚMERO DE CONTROL
Identificador de número de control 000027557
003 - IDENTIFICACDOR DE NÚMERO DE CONTROL
control field DO-SdBNP
005 - DATE AND TIME OF LATEST TRANSACTION
control field 20240903131140.0
007 - CAMPOS FIJOS DE DESCRIPCIÓN FÍSICA
fixed length control field 000027557
008 - ELEMENTOS DE LONGITUD FIJA
fixed length control field 110401s1983 dr ac 000 0 spa d
040 ## - FUENTE DE CATALOGACIÓN
Agencia que crea de manera original el registro BPMSU
Idioma de catalogación spa
Agencia que realiza la transcripción BPMSU
082 #4 - NÚMERO DE CLASIFICACIÓN DECIMAL DE DEWEY
Classification number 972.9304
Item number A669h 1983
Edition number 22
100 1# - ASIENTO PRINCIPAL -- NOMBRE PERSONAL
Nombre personal Archambault, Pedro M. (María)
245 10 - MENCIÓN DE TITULO
Título Historia de la restauración /
Mención de responsabilidad Pedro M. Archambault ; prólogo Rafael Vidal
250 ## - MENCIÓN DE EDICION
Mención de edición 3a. ed.
260 ## - PUBLICACIÓN, DISTRIBUCIÓN, ETC. (PIE DE IMPRENTA)
Lugar de publicación, distribución, etc Santo Domingo :
Nombre del editor, distribuidor, etc. Editora de Santo Domingo,
Fecha de publicación, distribución, etc 1983
300 ## - DESCRIPCIÓN FÍSICA
Extensión 330 p. :
Otros detalles físicos il., retrs. ;
Dimensiones 21 cm.
500 ## - NOTA GENERAL
Nota general Incluye índice analítico
504 ## - NOTA DE BIBLIOGRAFÍA, ETC.
Bibliography, etc Bibliografía : p. 313-323
534 ## - NOTA SOBRE LA VERSIÓN ORIGINAL
Frase introductoria Incluye portada de la edición publicada en:
Publicación, distribución, etc. del original París: La Libraire Technique et Economique, 1938.
590 ## - NOTA LOCAL
Texto de la nota local Inventariado, 2024/VM
651 #4 - ENCABEZAMIENTO DE MATERIA--NOMBRE GEOGRÁFICO
Nombre geográfico República Dominicana
Subdivisión temática general Historia
Subdivisión cronológica Restauración 1863-65
700 1# - ASIENTO SECUNDARIO -- NOMBRE PERSONAL
Nombre personal Vidal, Rafael,
Mención de responsabilidad prólogo
710 2# - ASIENTO SECUNDARIO -- NOMBRE CORPORATIVO
Nombre corporativo o de jurisdicción Sociedad Dominicana de Bibliófilos
910 ## - VALIDACIÓN
Validación VMateo V. Control de calidad BPMSU
942 ## - ADDED ENTRY ELEMENTS (KOHA)
Source of classification or shelving scheme Dewey Decimal Classification
Koha item type Libros
Existencias
Withdrawn status Lost status Source of classification or shelving scheme Damaged status Not for loan Collection code Home library Current library Date acquired Source of acquisition Total Checkouts Full call number Barcode Date last seen Price effective from Koha item type
    Dewey Decimal Classification     Colección Dominicana Biblioteca Pública Metropolitana Salomé Ureña Biblioteca Pública Metropolitana Salomé Ureña 09/03/2024 Ernesto Morales Pérez   BPMSU CD 972.9304 A669h 1983 BPMSU24090004 09/03/2024 09/03/2024 Libros